000 00449nam a22001577a 4500
999 _c41286
_d41286
003 OSt
005 20210412152731.0
008 210412b ||||| |||| 00| 0 eng d
040 _coclc
082 _a297
_bQUT/I
100 _91983
_aQuthub, Sayyid
245 _aIslamile Samoohya Neethi/
_cSayyid Qutub
260 _aKozhikode:
_bIslamic Publishing House
300 _a319 pages
942 _2ddc
_cBK
_h297
_iQUT/I
_k297
_mQUT/I